Statistics for Snow White… Characters by Screen-time

Click here to take the quiz!

General Stats

  • This quiz has been taken 59 times
  • The average score is 9 of 12

Answer Stats

TimeCharacter% Correct
29:19Snow White
100%
21:13Grumpy
96%
17:51Sleepy
95%
4:13Prince
88%
19:27Bashful
84%
22:03Doc
84%
20:49Sneezy
84%
16:53Dopey
79%
18:57Happy
79%
12:08Queen
71%
1:13The Huntsman
52%
0:58Magic Mirror
36%

Score Distribution

Percentile by Number Answered

Percent of People with Each Score

Your Score History

You have not taken this quiz